| 000 | 00933nam a2200229Ia 4500 | ||
|---|---|---|---|
| 999 |
_c37987 _d37987 |
||
| 001 | 3971 | ||
| 003 | GE_BSU | ||
| 005 | 20190827144821.0 | ||
| 008 | 181216s1970||||ge |||||||||||||| ||geo|| | ||
| 040 | _cGE_BSU | ||
| 041 | _ageo | ||
| 080 | _a34(479.22) კ–38 | ||
| 100 |
_aკევლიშვილი, ნიკოლოზ _93810 |
||
| 245 |
_aილია ჭავჭავაძე იურისტი / _cრედ. უ. ბახტაძე. |
||
| 264 |
_aთბ. : _bსაბჭ. საქართველო, _c1970. |
||
| 300 |
_a169 გვ. ; _b19 სმ. |
||
| 600 |
_aჭავჭავაძე ილია _91252 |
||
| 653 | _aჭავჭავაძე, ილია-იურისტი | ||
| 653 | _aიურიდიული მეცნიერება საქართველოში | ||
| 700 |
_aბახტაძე, უ. _eრედაქტორი _93680 |
||
| 942 |
_cBK _2udc |
||